Представление документа в формате MARC21

Поле Инд. ПП Название Значение
Тип записи a
Библиографический уровень m
001 Контрольный номер RU/IS/BASE/331204044
005 Дата корректировки 20220708110955.4
040 b Код языка каталог. rus
041 0_ a Код языка текста rus
080 a Индекс УДК 004.42
084 a Индекс другой классификации/Индекс ББК 32.973.26-018.2
090 a Полочн. индекс 681.3
c Каталожный индекс 681.3.06
x Авторский знак М13
097 b Оператор 11
100 1_ a Автор Мазный Г. Л.
245 10 a Заглавие Программирование на БЭСМ-6 в системе "Дубна"
c Ответственность под ред. Н. Н. Говоруна
260 a Место издания М.
b Издательство Наука
c Дата издания 1978
300 a Объем 272 с.
510 a Примечание о ссылках Книги и методические пособия
650 a Основная рубрика 50.41 Программное обеспечение вычислительных машин, комплексов и сетей
x Основная подрубрика 50.41.15 Операционные системы
653 a Ключевые слова операционные системы; вычислительные системы; электронные вычислительные машины; программирование
901 t Тип документа m